South south journal of culture and development (Record no. 38648)

MARC details
000 -LEADER
fixed length control field 00450nam a2200169Ia 4500
022 ## - INTERNATIONAL STANDARD SERIAL NUMBER
ISSN 15950298
050 ## - CALL MARK
Classification number D 880 .S68/
245 #0 - TITLE STATEMENT
Title South south journal of culture and development
260 ## - PUBLICATION, DISTRIBUTION, ETC. (IMPRINT)
Place of publication Uyo, Nigeria
260 ## - PUBLICATION, DISTRIBUTION, ETC. (IMPRINT)
Name of publisher Eddivine ventures
260 ## - PUBLICATION, DISTRIBUTION, ETC. (IMPRINT)
Year of publication 2018
300 ## - PHYSICAL DESCRIPTION
Number of Pages vii, 226 p. :ill. ; 20 cm.
650 ## - SUBJECT ADDED ENTRY--TOPICAL TERM
Topical Term Developing countries--Periodicals.
942 ## - ADDED ENTRY ELEMENTS (KOHA)
Koha item type Serials

No items available.